000 00780nam a2200205Ii 4500
003 JO-AjNU
008 230605s9999||||xx |||||||||||||| ||und||
017 _a1987/2152
040 _aJO-AjNU
_bara
_erda
_cJO-AjNU
041 _aara
050 1 4 _aKRM1825.T39 1987
100 3 _a الطويل ، هشام ,
_eauthor
_99302
245 0 0 _aشروط قبول الطعن بالنقض في المواد المدنية والتجارية ومواد الأحوال الشخصية في ضوء آراء الفقة وأحكام النقض حتى نهاية 1985
250 _a(د،ط)
264 3 1 _aالاسكندرية : منشأة المعارف ، 1987
300 _a486ص
336 _atext
_btxt
_2rdacontent
337 _aunmediated
_bn
_2rdamedia
338 _avolume
_bnc
_2rdacarrier
999 _aA1228
_c4796
_d4796